000 00993nam a2200229 4500
003 AR-FvUNAJ
005 20241125124209.0
008 200824er ||||| |||| 00| 0 spa d
040 _cAR-FvUNAJ
082 1 4 _214
_a306.3
100 1 _917841
_aFrank, Andre Gunder
245 1 0 _aCapitalismo y subdesarrollo en América Latina /
_cAndre Gunder Frank
260 _aBuenos Aires :
_bSiglo XXI,
_c1970
300 _a320 p.
505 _tEl desarrollo del subdesarrollo capitalista en Chile. El 'problema indígena' en América Latina . El desarrollo del subdesarrollo capitalista en Brasil. El capitalismo y el mito del feudalismo en la agricultura brasileña. La inversión extranjera en el subdesarrollo latinoamericano .
650 2 7 _2unescot
_91282
_aDESARROLLO ECONOMICO Y SOCIAL
650 2 7 _2unescot
_9816
_aCAPITALISMO
650 2 7 _2unescot
_97682
_aSUBDESARROLLO
651 0 _aAMERICA LATINA
_9735
942 _2ddc
_cLIBRO
980 _gVirginia Figueroa
_619226
_a Palazón Marcela I.
_82
999 _c9088
_d9088